00858nam a2200229Ii 45000010005000000030009000050080041000140200015000550400033000700410008001030820015001111000028001262450143001542640037002973000012003343360026003463370028003723380027004009400050004279990017004779520134004943237CO-ViMGA241108s9999||||xx |||||||||||||| ||und|| a958920600X aCO-ViMGAbspaerdacCO-ViMGA0 aspa04a583.74 J5i1 aConvenio Andrés Bello10aEl Inchi:bCaryodendron orinocense Karsten [Euphorbiaceae]: La oleaginosa más promisoria de la Subregión Andina. Luis Carlos Jiménez 1aBogotá, Colombia : SECAB, 1992 avolumen atextbtxt2rdacontent aunmediatedbn2rdamedia avolumebnc2rdacarrier aidficha_siabuc: 3161. -- ficha_no_siabuc:3237 c40363d40363 001040708001aMEVIGERRbMEVIGERRcGENd2006-11-27o583.74 J5ipECA1582r2024-11-26 08:55:11tEj.1w2024-11-26yBKz3161 | 4550